El libro de Judit o la guerra y la fe
Kaydedildi:
| Yazar: | |
|---|---|
| Materyal Türü: | Kitap |
| Dil: | İspanyolca |
| Baskı/Yayın Bilgisi: |
Pamplona
Verbo Divino
2006
|
| Seri Bilgileri: | Cuadernos Bíblicos, 132
|
| Konular: | |
| Etiketler: |
Etiketle
Etiket eklenmemiş, İlk siz ekleyin!
|
MARC
| LEADER | 00000cam a2200000 a 4500 | ||
|---|---|---|---|
| 001 | UCH8815 | ||
| 003 | CL-VaPUC | ||
| 008 | 091211e20060000SP |||||||||||||||||spa|d | ||
| 020 | |a 9788481693690 | ||
| 082 | 0 | 4 | |a 229.24 |b DOR |2 21 |
| 100 | 0 | |a Doré, Daniel |e author |9 545491 | |
| 245 | 1 | 3 | |a El libro de Judit o la guerra y la fe |
| 300 | |a 56 p | ||
| 942 | |c BK | ||
| 945 | |d 20091211 00:00:00 |a dcastane | ||
| 260 | |a Pamplona |b Verbo Divino |c 2006 | ||
| 650 | 0 | |a Biblia |9 257603 | |
| 650 | 0 | |a Antiguo testamento |9 313678 | |
| 650 | 0 | |a Libros históricos |9 479158 | |
| 650 | 7 | |a JUDIT |2 CL-VaPUC |9 545492 | |
| 583 | |a last modification |c 20160705 11:07:52 |k Rodrigo Vera | ||
| 490 | 0 | |a Cuadernos Bíblicos, 132 | |
| 999 | |c 338922 |d 338920 | ||
| 952 | |0 0 |1 0 |4 0 |6 229_240000000000000_DOR_2006 |7 0 |8 A |9 432218 |a BIBTEO |b BIBTEO |d 2019-11-22 |i 4623401 |o 229.24 DOR 2006 |p 4623401 |r 2025-01-17 |w 2019-11-22 |y BK |k ICR | ||
| 952 | |0 0 |1 0 |3 erb |4 0 |6 229_240000000000000_DOR_2006 |7 0 |8 A |9 432219 |a BIBTEO |b BIBTEO |i 5295947 |o 229.24 DOR 2006 |p 5295947 |r 2025-01-17 |w 2019-11-22 |y BK |z Catalogado en:20160708 |k ICR | ||